Diatribae, or, Discourses upon select texts : wherein several weighty truths are handled and applyed against the papist and the Socinian /

Bibliographic Details
Main Author: Bagshaw, Henry, 1632-1709
Format: eBook
Language:English
Published: London : Printed by T.H. for Ric. Chiswell, 1680.
Series:Early English books online.
Subjects:
Online Access:Connect to the full text of this electronic book

MARC

Tag First Indicator Second Indicator Subfields
LEADER 00000nam a2200000Ia 4500
001 in00004184621
005 20200807090107.0
006 m g d
007 cr bn |||a|bb|
008 821005s1680 enk o 00| | eng d
035 |a (OCoLC)8833615 
040 |a UMI  |c UMI  |d m/c  |d UMI  |d WaOLN 
037 |a CL0037000043  |b ProQuest Information and Learning. 300 N. Zeeb Rd., Ann Arbor, MI 48106 
090 |a BX5133.B35  |b D43 
049 |a UMIA 
100 1 |a Bagshaw, Henry,  |d 1632-1709. 
245 1 0 |a Diatribae, or, Discourses upon select texts :  |b wherein several weighty truths are handled and applyed against the papist and the Socinian /  |c by Henry Bagshaw. 
260 |a London :  |b Printed by T.H. for Ric. Chiswell,  |c 1680. 
300 |a 1 online resource ([5], 186 pages) 
336 |a text  |b txt  |2 rdacontent 
337 |a computer  |b c  |2 rdamedia 
338 |a online resource  |b cr  |2 rdacarrier 
500 |a Reproduction of original in the Trinity College Library, Cambridge University. 
510 4 |a Wing  |c B429. 
533 |a Electronic reproduction.  |b Ann Arbor, Mich. :  |c UMI,  |d 1999-  |f (Early English books online)  |n Digital version of: (Early English books, 1641-1700 ; 1274:2)  |7 s1999 miun s 
610 2 0 |a Church of England  |v Controversial literature. 
650 0 |a Theology, Doctrinal. 
740 0 |a Discourses upon select texts. 
830 0 |a Early English books online. 
856 4 0 |u http://proxy.library.tamu.edu/login?url=https://search.proquest.com/docview/2248517911  |z Connect to the full text of this electronic book  |t 0 
999 f f |s 63ba6f0d-2797-3cfb-a038-a98e7746493f  |i a8ec946a-82c9-3d10-a0ae-33036745dfd0  |t 0 
952 f f |a Texas A&M University  |b College Station  |c Electronic Resources  |d Available Online  |t 0  |e BX5133.B35 D43  |h Library of Congress classification 
998 f f |a BX5133.B35 D43  |t 0  |l Available Online